| 000 | 00464nam a2200181Ia 4500 | ||
|---|---|---|---|
| 008 | 120907t2000 xxu||||| |||| 00| 0 sin d | ||
| 041 | _asin | ||
| 080 |
_a8 - 3 (Youth) _bLLO |
||
| 100 | _aLlosa,Luis | ||
| 245 | _aඇනකොන්ඩා | ||
| 246 | _aAnaconda | ||
| 260 |
_aMalpiyali _aDankotuwa _c2000 |
||
| 300 | _b70p, ill, 21 cm | ||
| 700 |
_aSamaranayaka, Anton Prasad _etr. |
||
| 942 | _cBK | ||
| 999 |
_c43039 _d43039 |
||
| 003 | LK-CoDNM | ||
| 040 |
_aLK-CoDNM _dLK-CoDNM _eLK-CoDNM |
||